000 00693nam a22001817a 4500
999 _c64174
_d64174
003 Ge_BSU
005 20260424162004.0
008 260424s2005 ge ||||| |||| 00| 0 geo d
041 _ageo
080 _a347.44 ი-29
100 _aიაშვილი, თამაზ
_927372
245 _aროგორ გავაფორმოთ ხელშეკრულება /
_cთამაზ იაშვილი; [წინასიტყვ.: ლადო ჭანტურია].
264 _aთბ.,
_c2005.
300 _a185გვ. ;
_b 20სმ.
653 _aხელშეკრულებები
653 _aგარიგება
942 _2udc
_cᲬᲘᲒᲜᲘ